000 00500nam a22001817a 4500
005 20251108171017.0
008 250721s2002 xx 000 0 ara d
082 1 4 _a214.5/صلا
100 1 _aالصلال، عايدة
245 1 0 _aهادم اللذات :
_bالموت و عظاته /
264 1 _aبيروت :
_bدار اليوسف،
_c2002.
300 _a95ص.
650 1 7 _aاليوم الآخر
650 1 7 _aالموت
650 1 7 _aالعذاب
942 _2ddc
_cBK
999 _c54299
_d54299